000 00265nam a22000977a 4500
008 221031b |||||||| |||| 00| 0 eng d
020 _a9789391246204
100 _aHARISUKH
_97600
245 _aAI ARTIFICIAL INTELLIGENCE-11
260 _aNEW DELHI
_bORANGE EDUCATION
_c2022
999 _c12107
_d12107